El medio y las letras en Norteamérica / (Record no. 112580)

MARC details
000 -LEADER
campo de control de longitud fija 00692nam a2200193 i 4500
001 - NÚMERO DE CONTROL
campo de control 112580
003 - IDENTIFICADOR DE NÚMERO DE CONTROL
campo de control ES-MaACL
005 - FECHA Y HORA DE LA ÚLTIMA TRANSACCIÓN
campo de control 20231204174101.0
007 - CAMPO FIJO DE DESCRIPCIÓN FÍSICA--INFORMACIÓN GENERAL
campo de control de longitud fija t|
008 - DATOS DE LONGITUD FIJA--INFORMACIÓN GENERAL
campo de control de longitud fija 061121s1932 sp |||| | spa d
100 1# - ENTRADA PRINCIPAL--NOMBRE DE PERSONA
Nombre de persona Novás Calvo, Lino,
Fechas asociadas al nombre 1905-1983
9 (RLIN) 86065
245 13 - MENCIÓN DEL TÍTULO
Título El medio y las letras en Norteamérica /
Mención de responsabilidad, etc. por Lino Novás Calvo.
260 ## - PUBLICACIÓN, DISTRIBUCIÓN, ETC.
Lugar de publicación, distribución, etc. Madrid :
Nombre del editor, distribuidor, etc. [s. n.],
Fecha de publicación, distribución, etc. 1932.
300 ## - DESCRIPCIÓN FÍSICA
Extensión 11 p. ;
Dimensiones 22 cm.
500 ## - NOTA GENERAL
Nota general Publicado en Anales de la Universidad de Madrid, T. I, fascículo 2 (Letras), 1932.
650 #4 - PUNTO DE ACCESO ADICIONAL DE MATERIA--TÉRMINO DE MATERIA
Término de materia o nombre geográfico como elemento de entrada Literatura norteamericana-
Subdivisión cronológica S.XX-
Subdivisión general Historia y crítica.
9 (RLIN) 14644
852 ## - LOCALIZACIÓN
Ubicación ES-MaACL
Número de control de estantería 1775-F-11
Nota libre .- Dedicatoria autógrafa del autor
Holdings
Estatus retirado Estado de pérdida Fuente del sistema de clasificación o colocación Estado de daño No para préstamo Colección Biblioteca de origen Biblioteca actual Ubicación en estantería Fecha de adquisición Total de préstamos Signatura topográfica completa Código de barras Visto por última vez Precio de reemplazo Tipo de ítem Koha Nota pública
    Clasificación decimal universal     Colección de folletos Biblioteca del Ateneo de Madrid Biblioteca del Ateneo de Madrid Depósito folletos 17/01/2008   1775-F-11 1117432 23/02/2023 23/02/2023 Folleto Dedicatoria autógrafa del autor